000 00593nam a2200193 i 4500
001 62906
003 ES-MaACL
005 20250829120618.0
007 t|
008 031126s1981 sp ||||1| spa d
100 1 _aFernández Mota, Manuel.
_949945
245 1 0 _aSonetos calpenses /
_cManuel Fernández Mota.
260 _aAlgeciras :
_b[Bahía],
_c1981.
300 _a4 h. ;
_c21 cm.
490 1 _aCuadernos de la Almoraima. Quinta entrega. Serie verde
830 0 0 _aCuadernos de la Almoraima
_9219898
852 _aES-MaACL
_j2117-F-20
_bR.102106
999 _c62906
_d62906